000 00840nam a2200253Ia 4500
003 OSt
005 20221005113443.0
006 a|||||r|||| 00| 0
007 ta
008 221004b |||||||| |||| 00| 0 ben d
020 _a9788178837116
024 _a15971
037 _bGift, 04/02/2015,
_cTextual
040 _aCRL
_cCRL
_bben
041 _2ben
_aben
082 _aP153, 153Q1
100 _aਗਾਸੋ, ਸੁਦਰਨ
245 0 _aਪੰਜਾਬੀ ਭਾਾ
_b ਸਥਿਤੀ ਤੇ ਸੰਭਾਵਨਾਵਾਂ
260 _aਲੁਧਿਆਣਾ
_bਚੇਤਨਾ ਪ੍ਰਕਾਨ ਭਾਰਤ
_c2011
300 _a144ਪੰ
_ccm.
650 _aਪੰਜਾਬੀ ਭਾFਾ
942 _hP153, 153Q1
_cTEXL
_2cc
999 _c1028242
_d1028242